| 000 | 01649nam a2200229Ia 4500 | ||
|---|---|---|---|
| 003 | OSt | ||
| 005 | 20251115095652.0 | ||
| 008 | 210210b2019 xxu||||| |||| 00| 0 eng d | ||
| 040 | _cAL | ||
| 041 | _akannada | ||
| 082 | _aK894.9 GANH | ||
| 100 |
_aGANESHAYAA (K N) _dಕೆ.ಎನ್. ಗಣೇಶಯ್ಯ _9245670 |
||
| 245 |
_aHoranota: lekhanagalu _bಹೊರ ನೋಟ |
||
| 260 |
_aBengaluru _bAnkita Pustaka _c2019 |
||
| 300 | _a107 | ||
| 520 | _aಇತಿಹಾಸ ಅರಿಯದವನು ಇತಿಹಾಸವನ್ನು ಸೃಷ್ಟಿಸಲೂ ಸಾಧ್ಯವಿಲ್ಲ. ಹೊಸ ಇತಿಹಾಸ ಬರೆಯಲೂ ಸಾಧ್ಯವಿಲ್ಲ. ಜೊತೆಗೆ ಇತಿಹಾಸವನ್ನು ಪುನರ್ ರಚಿಸಲೂ ಸಾಧ್ಯವಿಲ್ಲ ಎನ್ನುವ ಮಾತಿದೆ. ಹೊಸ ಪೀಳಿಗೆಯ ಓದುಗರ ನೆಚ್ಚಿನ ಬರಹಗಾರ ಪ್ರೊ. ಕೆ.ಎನ್. ಗಣೇಶಯ್ಯನವರು ಇತಿಹಾಸದ ಬೆನ್ನು ಹತ್ತಿ ಅದರ ವಿಶಿಷ್ಟ ಹಾಗೂ ವಿಸ್ಮಯಕಾರಿ ಆಯಾಮಗಳನ್ನು ಪುನರ್ಸೃಷ್ಟಿಸಲು ತೊಡಗಿದ ಲೇಖಕರು. 'ಹೊರ ನೋಟ' ಗಣೇಶಯ್ಯನವರ ವಿಶಿಷ್ಟ ಆಸಕ್ತಿ, ಸಂಶೋಧನೆ, ಒಳನೋಟಗಳನ್ನು ಸ್ವಾರಸ್ಯಪೂರ್ಣವಾಗಿ ಹೇಳುವ ಲೇಖನಗಳ ಸಂಗ್ರಹ. | ||
| 650 |
_alekhanagalu _9245671 |
||
| 650 |
_aHoranota: _9245672 |
||
| 690 |
_aKannada Criticism _9245673 |
||
| 906 | _a073972 | ||
| 942 |
_2ddc _cBK |
||
| 999 |
_c123731 _d123731 |
||